Protostars and planets VI (Record no. 19133)
[ view plain ]
| 000 -LEADER | |
|---|---|
| fixed length control field | 00803nam a2200229Ia 4500 |
| 003 - CONTROL NUMBER IDENTIFIER | |
| control field | IN-BaIIA |
| 008 - FIXED-LENGTH DATA ELEMENTS--GENERAL INFORMATION | |
| fixed length control field | 211028s9999 xx 000 0 eng d |
| 020 ## - INTERNATIONAL STANDARD BOOK NUMBER | |
| International Standard Book Number | 978-0-8165-3124-0 |
| 040 ## - CATALOGING SOURCE | |
| Transcribing agency | IIA Library |
| 080 ## - UNIVERSAL DECIMAL CLASSIFICATION NUMBER | |
| Universal Decimal Classification number | 524.3-5 |
| Item number | PRO-VI |
| 245 #0 - TITLE STATEMENT | |
| Title | Protostars and planets VI |
| Statement of responsibility, etc. | edited by Henrik Beuther, Ralf S. Klessen, Cornelis P. Dullemond, and Thomas Henning |
| 260 ## - PUBLICATION, DISTRIBUTION, ETC. | |
| Place of publication, distribution, etc. | Tucson |
| Name of publisher, distributor, etc. | University of Arizona Press |
| Date of publication, distribution, etc. | 2014 |
| 300 ## - PHYSICAL DESCRIPTION | |
| Extent | xvi, 914p. |
| 650 ## - SUBJECT ADDED ENTRY--TOPICAL TERM | |
| Topical term or geographic name entry element | Molecular clouds - congresses |
| 9 (RLIN) | 36530 |
| 650 ## - SUBJECT ADDED ENTRY--TOPICAL TERM | |
| Topical term or geographic name entry element | Planets - origin - congresses |
| 9 (RLIN) | 12397 |
| 650 ## - SUBJECT ADDED ENTRY--TOPICAL TERM | |
| Topical term or geographic name entry element | Protostars - congresses |
| 9 (RLIN) | 31068 |
| 650 ## - SUBJECT ADDED ENTRY--TOPICAL TERM | |
| Topical term or geographic name entry element | Stars - formation - congresses |
| 9 (RLIN) | 19190 |
| 700 ## - ADDED ENTRY--PERSONAL NAME | |
| Personal name | Beuther, Henrik., ed. |
| 9 (RLIN) | 31895 |
| 700 ## - ADDED ENTRY--PERSONAL NAME | |
| Personal name | Dullemond, Cornelis P., ed. |
| 9 (RLIN) | 36531 |
| 700 ## - ADDED ENTRY--PERSONAL NAME | |
| Personal name | Klessen, Ralf S., ed. |
| 9 (RLIN) | 36532 |
| 942 ## - ADDED ENTRY ELEMENTS (KOHA) | |
| Koha item type | Books |
| Withdrawn status | Lost status | Damaged status | Not for loan | Home library | Current library | Shelving location | Date acquired | Source of acquisition | Cost, normal purchase price | Total Checkouts | Full call number | Barcode | Date last seen | Date last checked out | Cost, replacement price | Price effective from | Koha item type | Purchase Price |
|---|---|---|---|---|---|---|---|---|---|---|---|---|---|---|---|---|---|---|
| IIA Library-Bangalore | IIA Library-Bangalore | General Stacks | 27/11/2015 | ANJ | 4532.90 | 1 | 524.3-5/ PRO-VI | 20055 | 10/03/2025 | 07/03/2022 | 4532.90 | 27/11/2015 | Books | Rs. 4532.90 |